[Event "SVK-chT2D 1920"]
[Site "Slovakia"]
[Date "2020.03.08"]
[Round "11.7"]
[White "Ridzik, Emil"]
[Black "Mnich, Jozef"]
[Result "0-1"]
[WhiteElo "1461"]
[BlackElo "2009"]
[PlyCount "82"]
[EventDate "2019.10.26"]
[EventType "team-tourn"]
[EventRounds "11"]
[EventCountry "SVK"]
[SourceTitle "EXT 2022"]
[Source "ChessBase"]
[SourceDate "2021.10.06"]
[SourceVersion "1"]
[SourceVersionDate "2021.10.06"]
[SourceQuality "1"]
[WhiteTeam "Gelnica Slovan"]
[BlackTeam "Presov Tatran Dason"]
[WhiteTeamCountry "SVK"]
[BlackTeamCountry "SVK"]

1. e4 e6 2. Nc3 d5 3. exd5 exd5 4. Nf3 Nf6 5. h3 d4 6. Qe2+ Be7 7. Ne4 0-0 8. Nxf6+ Bxf6 9. Qd1 Re8+ 10. Be2 d3 11. cxd3 Qxd3 12. Kf1 Qd6 13. d4 b6 14. a3 Bb7 15. b4 Nc6 16. Be3 Ne7 17. Rc1 Nf5 18. Qd2 Rad8 19. Bf4 Qd5 20. Bc4 Qd7 21. d5 Nd6 22. Bxd6 Qxd6 23. Re1 Rxe1+ 24. Nxe1 c6 25. Qc2 cxd5 26. Bd3 g6 27. Nf3 Rc8 28. Qd2 d4 29. Be2 Rc3 30. Ne1 Rxa3 31. Bd3 Qd5 32. Qe2 Ra1 33. Rg1 Qb3 34. Bc4 Qa4 35. b5 Kf8 36. Bd3 Be7 37. f3 Bb4 38. Kf2 Bxe1+ 39. Rxe1 Ra2 40. Kf1 Rxe2 41. Rxe2 Qd1+ 0-1